000 00366nam a2200145 a 4500
008 970911s1957||||xx 0 und c
040 _aSNK
_bslo
_cSNK
_eAACR2
100 1 _aKusý, Ivan
245 1 0 _aCesta kritika
_bLiterárne dielo Františka Votrubu
260 _aBratislava
_bSAV
_c1957
300 _a225 s.
020 _c20,85
044 _axo
_cSK
041 _aslo
999 _c15106
_d15106